Odd European Countries Quiz Stats

Quiz Updated Jul 14, 2016

Also try: Odd One Out Blitz
Challenge
Share
Tweet
Embed
Score 0/29 Timer 04:00
7 Plays Today
# of letters Country % Correct
5???
83.3%
7???
76.5%
5???
75.4%
7???
68.3%
7???
68%
7???
61.4%
7???
61.3%
7???
59.5%
7???
54.4%
7???
53.3%
5???
52.8%
7???
52.6%
7???
51.7%
Mine???
51.5%
11???
51.3%
# of letters Country % Correct
11???
51.3%
7???
48.6%
7???
48.5%
13???
47.9%
9???
47.8%
7???
47.7%
7???
46.7%
7???
45.6%
7???
44.3%
13???
43.2%
11???
43.1%
9???
40.4%
9???
39.1%
7???
37.7%

You're not logged in!

Compare scores with friends on all Sporcle quizzes.
Join for Free
OR
Log In

Show Comments

Extras

Top Quizzes Today


Score Distribution

Your Account Isn't Verified!

In order to create a playlist on Sporcle, you need to verify the email address you used during registration. Go to your Sporcle Settings to finish the process.

Report this User

Report this user for behavior that violates our Community Guidelines.

Details: